Social Responsibility of the Subjects of the Logistics Chain in the Returnable Packaging System: European Experience

Skúmanie interakcií subjektov logistického reťazca so systémom zberu použitých obalov. Analýza úspešných skúseností Slovenska s cieľom ich rozšírenia na Ukrajine.

Guardado en:
Detalles Bibliográficos
Autor principal: Reshetnikova, Iryna
Otros Autores: Lieskovská, Vanda, 1961-
Formato: Capítulo de libro
Lenguaje:inglés
Materias:
Etiquetas: Agregar Etiqueta
Sin Etiquetas, Sea el primero en etiquetar este registro!

MARC

LEADER 00000naa$a2200000$$$4500
001 0306439
005 20250128114420.4
041 0 |a eng 
044 |a EE 
245 1 0 |a Social Responsibility of the Subjects of the Logistics Chain in the Returnable Packaging System: European Experience  |c Iryna Reshetnikova, Vanda Lieskovská 
520 |a Skúmanie interakcií subjektov logistického reťazca so systémom zberu použitých obalov. Analýza úspešných skúseností Slovenska s cieľom ich rozšírenia na Ukrajine. 
610 2 0 |a zodpovednosť podniku spoločenská 
610 2 0 |a reťazce dodávateľsko-odberateľské 
610 2 0 |a obaly 
610 2 0 |a hospodárstvo obalové 
610 2 0 |a hospodárstvo obehové 
610 2 0 |a systémy zálohové 
100 1 |a Reshetnikova, Iryna 
700 1 |a Lieskovská, Vanda, 1961-